MARC

LEADER 00000cab a2200000 a 4500
001 vtls010484420
003 SK-MaSNL
005 20260305002256.0
008 250708c2012 xo ||||||||||||00 b|slo
015 |a SNBRB2013/01 
035 |a (uuid)c7005cc4-eba3-4eef-a36e-17c5eed6db34 
035 |a urn:nbn:sk:snk-ab1l2r 
035 |a (urnnbn)urn:nbn:sk:snk:ar-004com 
038 |a SVKPOCL 
040 |a SNKBUCL  |b slo  |c SNKBUCL  |e AACR2 
041 0 |a slo 
044 |a xo  |c SK 
080 |a 811.162.4  |2 2001 
080 |a 81'1  |2 2001 
080 |a 81'322.2  |2 2001 
080 |a 81'322  |2 2001 
080 |a 004.652  |2 2001 
080 |a 004  |2 2001 
080 |a 005.745  |2 2001 
080 |a 005.591  |2 2001 
080 |a 80(=16)+908(4)  |2 2001 
080 |a (046)  |2 2001 
100 1 |a Gajdošová, Katarína,  |4 aut  |9 330831 
245 1 0 |a Rozvoj jazykových technológií na Slovensku a vo svete (10 rokov Slovenského národného korpusu)  |c Katarína Gajdošová 
500 |a Rubrika: Správy a posudky 
500 |a Viac o projekte CESAR META-NET pozri na www.cesar-project.net 
500 |a Dostupné on-line na http://www.juls.savba.sk/ediela/ks/2012/3/ks2012-3.pdf 
610 2 7 |a CESAR (projekt)  |2 svkpocl  |9 1578022 
610 2 7 |a META-NET (projekt)  |2 svkpocl  |9 1578023 
611 2 7 |a Rozvoj jazykových technológií a zdrojov na Slovensku a vo svete (10 rokov Slovenského národného korpusu)  |d (2012 :  |c Bratislava, Slovensko)  |2 svkpocl  |9 1578024 
648 7 |a 7.-8.6.2012  |2 svkpocl  |9 1578025 
650 0 7 |a slovenčina  |2 svkpocl  |9 1350 
650 0 7 |a lingvistika  |2 svkpocl  |9 860 
650 0 7 |a korpusová lingvistika  |2 svkpocl  |9 17685 
650 0 7 |a počítačová lingvistika  |2 svkpocl  |9 1880 
650 0 7 |a korpusy (lingvistika)  |2 svkpocl  |9 1578026 
650 0 7 |a databázy  |2 svkpocl  |9 885 
650 0 7 |a digitalizácia  |2 svkpocl  |9 19296 
650 0 7 |a konferencie  |2 svkpocl  |9 19221 
650 0 7 |a projekty  |2 svkpocl  |9 18866 
650 0 7 |a slavistika  |2 svkpocl  |9 4282 
655 7 |a články  |2 svkpocl  |9 70601 
773 0 |t Kultúra slova  |g Roč. 46, č. 3 (2012), s. 167-171  |x 0023-5202 
850 |a Slovenská národná knižnica 
852 |a Slovenská národná knižnica 
856 4 1 |a http://www.juls.savba.sk/ediela/ks/ 
856 4 1 |a http://www.juls.savba.sk/ediela/ks/2012/3/ks2012-3.pdf 
954 |a odborná, vedecká literatúra pôvodná (slovenská)  |2 lita 
958 |a article27 
958 |a OND 
958 |a SS 
958 |a EUIPO 
999 |c 3224813  |d 3226743